Schaum's outline of lagrangian Dynamics (Record no. 299278)

000 -LEADER
fixed length control field 00372 a2200121 4500
001 - CONTROL NUMBER
control field 64205
082 ## - DEWEY DECIMAL CLASSIFICATION NUMBER
Classification number 531.11WEL
090 ## - LOCALLY ASSIGNED LC-TYPE CALL NUMBER (OCLC); LOCAL CALL NUMBER (RLIN)
-- 37950
-- 37950
100 ## - MAIN ENTRY--PERSONAL NAME
Personal name Wells D.A
245 ## - TITLE STATEMENT
Title Schaum's outline of lagrangian Dynamics
Remainder of title Euler's equations of motion Mamilton's equations and hamilton's principles v 42v 44: 1st
260 ## - PUBLICATION, DISTRIBUTION, ETC.
Place of publication, distribution, etc. NY
Name of publisher, distributor, etc. McGraw-Hill
Date of publication, distribution, etc. 1967
300 ## - PHYSICAL DESCRIPTION
Extent 353 p
942 ## - ADDED ENTRY ELEMENTS (KOHA)
Institution code [OBSOLETE] NUST-CAE
Call number prefix 531.11WEL
Holdings
Withdrawn status Lost status Damaged status Not for loan Collection code Permanent Location Current Location Date acquired Total Checkouts Full call number Barcode Date last seen Price effective from Koha item type
          College of Aeronautical Engineering (CAE) College of Aeronautical Engineering (CAE) 04/03/2017   531.11WEL CAEG-5298 04/05/2017 04/05/2017 Book
© 2023 Central Library, National University of Sciences and Technology. All Rights Reserved.